Statistics for Asian Countries by Area-In Order

Click here to take the quiz!

General Stats

  • This quiz has been taken 213 times
  • The average score is 30 of 48

Answer Stats

AreaCountry% Correct
9,596,961China
100%
3,287,263India
100%
2,724,900Kazakhstan
100%
1,648,195Iran
97%
2,149,690Saudi Arabia
97%
1,904,569Indonesia
96%
1,564,110Mongolia
94%
881,913Pakistan
94%
676,578Myanmar
91%
783,562Turkey
88%
652,864Afghanistan
86%
513,120Thailand
84%
447,400Uzbekistan
84%
488,100Turkmenistan
82%
438,317Iraq
81%
377,976Japan
81%
555,000Yemen
77%
330,803Malaysia
71%
331,212Vietnam
71%
309,500Oman
69%
300,000Philippines
61%
199,951Kyrgyzstan
57%
236,800Laos
56%
185,180Syria
56%
728Singapore
53%
143,100Tajikistan
53%
181,035Cambodia
51%
785Bahrain
49%
300Maldives
49%
5,765Brunei
48%
10,452Lebanon
48%
11,586Qatar
47%
100,210South Korea
47%
148,460Bangladesh
45%
17,818Kuwait
45%
147,181Nepal
45%
120,540North Korea
45%
22,145Israel
43%
69,700Georgia
42%
86,600Azerbaijan
40%
38,394Bhutan
40%
83,600United Arab Emirates
40%
9,251Cyprus
39%
29,743Armenia
38%
14,919East Timor
38%
36,193Taiwan
38%
89,342Jordan
36%
65,610Sri Lanka
36%

Score Distribution

Percentile by Number Answered

Percent of People with Each Score

Your Score History

You have not taken this quiz